000 00660nam a2200205 i 4500
001 34123
003 ES-MaACL
005 20251015164726.0
007 t|
008 030204s1971 sp ||||1| fre d
100 1 _aBoesiger, W.
_929759
245 1 0 _aLe Corbusier
_b: 1910-65 /
_cW. Boesiger, H. Girsberger ; [traducción de Juan-Eduardo Cirlot].
260 _aBarcelona :
_bGustavo Gili,
_c[1971]
300 _a353 p., 72 lám. :
_b5 plan., il. ;
_c23 cm.
600 0 4 _aLe Corbusier.
_970860
700 1 _aGirsberger, H.
_957313
700 1 _aCirlot, Juan-Eduardo,
_d1916-1973
_938898
852 _aES-MaACL
_jC-41090
_bR.79920
999 _c34123
_d34123